| 000 | 00000nam##2200000za#4500 |
| 001 | 9.597880 |
| 003 | CaOODSP |
| 005 | 20210624204250 |
| 007 | cr ||||||||||| |
| 008 | 150406|2004||||xxc|||||o f|0| 0 fre|d |
| 040 | |aCaOODSP|bfre |
| 043 | |an-cn--- |
| 086 | 1 |aTU3-5/04-35F-PDF |
| 110 | 2 |aBureau de la sécurité des transports du Canada. |
| 245 | 10|aCollision avec le relief du Piper PA31-350 (Navajo) C-FTNS à l'aéroport de Saint-Jean (Nouveau-Brunswick), le 19 août 2004 |h[ressource électronique] |
| 260 | |aGatineau - Québec : |bBureau de la sécurité des transports du Canada |c[2006]. |
| 300 | |a11p.|bill., références, photographies |
| 490 | 1 |aRapport d'enquête aéronautique |vA04A0099 |
| 590 | |a10-05-Supp|b2010-07-20 |
| 691 | 07|aAccident d'avion|2gcpds |
| 775 | 08|tCollision with terrain - Piper PA31-350 (Navajo) C-FTNS, Saint John Airport, New Brunswick, 19 August 2004 |w(CaOODSP)9.566371 |
| 830 | #0|aRapport d'enquête aéronautique ;|vA04A0099|w(CaOODSP)9.501229 |
| 856 | 40|ahttp://publications.gc.ca|qPDF|s317 Ko|uhttps://publications.gc.ca/collections/collection_2009/bst-tsb/TU3-5-04-35F.pdf|yA04A0099 |